Priceless (Record no. 4498)

MARC details
000 -CABECERA
campo de control de longitud fija 03755cam a2200277 a 4500
001 - NÚMERO DE CONTROL
campo de control a5807662
003 - IDENTIFICADOR DEL NÚMERO DE CONTROL
campo de control SIRSI
005 - FECHA Y HORA DE LA ÚLTIMA TRANSACCIÓN
campo de control 20250210165602.0
008 - DATOS DE LONGITUD FIJA--INFORMACIÓN GENERAL
campo de control de longitud fija 090423s2010 nyua b 001 0 eng
010 ## - NÚMERO DE CONTROL DE LA BIBLIOTECA DEL CONGRESO
Número de control de LC 2009015726
020 ## - NÚMERO INTERNACIONAL ESTÁNDAR DEL LIBRO
Número Internacional Estándar del Libro 9780809094691
035 ## - NÚMERO DE CONTROL DEL SISTEMA
Número de control de sistema (OCoLC)319248362
040 ## - FUENTE DE LA CATALOGACIÓN
Centro catalogador/agencia de origen DLC
Centro/agencia transcriptor DLC
Centro/agencia modificador C#P
-- YDXCP
-- BUR
-- BWX
-- CDX
-- MOF
-- OrLoB-B
-- UtOrBLW
041 ## - CÓDIGO DE LENGUA
Código de lengua del texto/banda sonora o título independiente eng
050 00 - SIGNATURA TOPOGRÁFICA DE LA BIBLIOTECA DEL CONGRESO
Número de clasificación HF5416.5
Número de documento/Ítem .P66 2010
100 ## - ENTRADA PRINCIPAL--NOMBRE DE PERSONA
Nombre de persona Poundstone, William
9 (RLIN) 24696
Término indicativo de función/relación author
245 10 - MENCIÓN DE TÍTULO
Título Priceless
Resto del título : the myth of fair value (and how to take advantage of it)
Mención de responsabilidad, etc. / William Poundstone.
250 ## - MENCIÓN DE EDICIÓN
Mención de edición First edition.
260 ## - PUBLICACIÓN, DISTRIBUCIÓN, ETC.
Lugar de publicación, distribución, etc. New York, NY :
Nombre del editor, distribuidor, etc. Hill and Wang,
Fecha de publicación, distribución, etc. 2010.
300 ## - DESCRIPCIÓN FÍSICA
Extensión ix, 336 pages :
Otras características físicas illustrations, tables (black and white) ;
Dimensiones 24 cm
504 ## - NOTA DE BIBLIOGRAFÍA, ETC.
Nota de bibliografía, etc. Includes bibliographical references and index.
505 ## - NOTA DE CONTENIDO CON FORMATO
Nota de contenido con formato The $2.9 million cup of coffee — Price cluelessness — The myth of the boomerang — Body and soul — Black is white — Helson's cigarette — The price scale — Input to output — Lunch with Maurice — Money pump — The best odds in Vegas — Cult of rationality — Kahneman and Tversky — Heuristics and biases — The devil's greatest trick — Prospect theory — Rules of fairness — Ultimatum game — The vanishing altruist — Pittsburgh is not a culture — Attacking heuristics — Deal or no deal — Prices on the planet Algon — The free 72-ounce steak — Price check — Shilling for Prada — Menu psych — The price of a super bowl ticket — Don't wrap all the Christmas presents in one box — Who's afraid of the phone bill? — Breakage and slippage — Paying for air — Cheap and cheaper — Mysteries of the 99-cent store — Meaningless zeros — Reality constraint — Selling Warhol’s beach house — Groundhog Day — Anchoring for dummies — Attention deficit — Drinking and deal making — An octillion doesn't buy what it used to — Selling the money illusion — Neutron jane — The beauty premium — Search for suckers — Pricing gender — It's all about testosterone — Liquid trust — The million-dollar club — The mischievous Mr. Market — For the love of God — Antidote for anchoring — Buddy system — The outrage theory — Honesty box — Money, chocolate, happiness.
520 1# - SUMARIO, ETC.
Sumario, etc. People used to download music for free; then Steve Jobs convinced them to pay for it. How? By charging 99 cents. Prada and other luxury stores stock a few obscenely expensive items - just to make the rest of their inventory seem like a bargain. Why do text messages cost money, while e-mails are free? Why do jars of peanut butter keep getting smaller in order to keep the price the "same"? The answer is simple: prices are a collective hallucination. In Priceless, William Poundstone reveals the hidden psychology of value. In psychological experiments, people are unable to estimate "fair" prices accurately and are strongly influenced by the unconscious, the irrational, and the politically incorrect. It hasn't taken long for marketers to apply these findings. "Price consultants" advise retailers on how to convince consumers to pay more for less, and negotiation coaches offer similar advice for businesspeople cutting deals. The new psychology of price dictates the design of price tags, menus, rebates, "sale" ads, cell phone plans, supermarket aisles, real estate offers, wage packages, tort demands, and corporate buyouts. Prices are the most pervasive hidden persuaders of all. Rooted in the little-heralded story of behavioral decision theory, a field advanced most notably by the legendary team of Israeli American psychologists Daniel Kahneman and Amos Tversky, Priceless is indispensable to anyone who buys, sells,or negotiates.
650 #0 - PUNTO DE ACCESO ADICIONAL DE MATERIA--TÉRMINO DE MATERIA
Término de materia o nombre geográfico como elemento de entrada Pricing
9 (RLIN) 1959
942 ## - ELEMENTOS DE ENTRADA AGREGADA (KOHA)
Fuente del sistema de clasificación o colocación Clasificación de Library of Congress
Holdings
Estado de retiro Estado de pérdida Fuente del sistema de clasificación o colocación Estado dañado No para préstamo Código de colección Biblioteca de origen Biblioteca actual Fecha de adquisición Total de préstamos Signatura topográfica completa Código de barras Fecha visto por última vez Número de copia Precio válido a partir de Tipo de ítem Koha
    Clasificación de Library of Congress     Core Textbooks TBS Barcelona TBS Barcelona 10/02/2025   HF5416.5 POU B05949 10/02/2025 1 10/02/2025 Book

Powered by Koha